IASB update (Record no. 107563)
[ view plain ]
| 000 -LEADER | |
|---|---|
| fixed length control field | 01109cad a22002175a 4500 |
| 001 - CONTROL NUMBER | |
| control field | L140889 |
| 008 - FIXED-LENGTH DATA ELEMENTS--GENERAL INFORMATION | |
| fixed length control field | 070704s2007 xxk f 000 0 eng d |
| 035 ## - SYSTEM CONTROL NUMBER | |
| System control number | (Sirsi) u140889 |
| 041 0# - LANGUAGE CODE | |
| Language code of text/sound track or separate title | eng |
| 050 04 - LIBRARY OF CONGRESS CALL NUMBER | |
| Classification number | 657.3 $2 18 |
| 110 2# - MAIN ENTRY--CORPORATE NAME | |
| Corporate name or jurisdiction name as entry element | International Accounting Standards Board |
| 9 (RLIN) | 4097 |
| 245 00 - TITLE STATEMENT | |
| Title | IASB update |
| Remainder of title | September 2007 |
| Medium | [electronic resource] |
| 260 ## - PUBLICATION, DISTRIBUTION, ETC. | |
| Place of publication, distribution, etc. | London |
| Name of publisher, distributor, etc. | IASB |
| Date of publication, distribution, etc. | 2007 |
| 490 #0 - SERIES STATEMENT | |
| Series statement | IASB Update |
| Volume/sequential designation | September 2007 |
| 520 ## - SUMMARY, ETC. | |
| Summary, etc. | Summary of the International Accounting Standards Board meeting in London, 19-21 September 2007, when it discussed: conceptual framework; short-term convergence; annual improvements process; fair value measurements; update on IFRIC; financial instruments; technical plan; post-employment benefits; IAS related part disclosures; accounting standards; amendments, IFRIC. |
| 590 ## - LOCAL NOTE (RLIN) | |
| Local note | KA |
| 651 #4 - SUBJECT ADDED ENTRY--GEOGRAPHIC NAME | |
| Geographic name | International |
| 690 ## - LOCAL SUBJECT ADDED ENTRY--TOPICAL TERM (OCLC, RLIN) | |
| Topical term or geographic name as entry element | MANAGEMENT-BUSINESS MANAGEMENT-FINANCIAL MANAGEMENT-ACCOUNTING-FINANCIAL REPORTING |
| 856 40 - ELECTRONIC LOCATION AND ACCESS | |
| Uniform Resource Identifier | <a href="https://www.iasb.org/Updates/IASB+Updates/2007/2007+IASB+Updates.htm">https://www.iasb.org/Updates/IASB+Updates/2007/2007+IASB+Updates.htm</a> |
| Public note | View the update free of charge at www.iasb.org... |
| 942 ## - ADDED ENTRY ELEMENTS (KOHA) | |
| Suppress in OPAC | 0 |
| Withdrawn status | Lost status | Source of classification or shelving scheme | Damaged status | Not for loan | Home library | Current library | Shelving location | Date acquired | Total Checkouts | Full call number | Barcode | Date last seen | Copy number | Price effective from | Koha item type |
|---|---|---|---|---|---|---|---|---|---|---|---|---|---|---|---|
| Dewey Decimal Classification | Virtual | Virtual | Online | 16/10/2007 | ONLINE PUBLICATION | 140889-1001 | 06/08/2019 | 1 | 06/08/2019 | Book |